Kaedah meraih kejayaan

Bibliographic Details
Main Author: Smahadzir
Other Authors: Jaafar Man
Format: Book
Published: Ampang : Pekan Ilmu , 2007
Series:Siri kaunseling kecemerlangan
Subjects:

MARC

LEADER 00000cam a2200000 7i4500
001 0000019912
005 20070814.0
020 |a 9789833385379 
040 |a INS 
090 0 0 |a HV1421   |b S43 2007 
100 1 |a Smahadzir 
245 1 0 |a Kaedah meraih kejayaan   |c Smahadzir dan Jaafar Man 
260 |a Ampang :   |b Pekan Ilmu ,   |c 2007 
300 |a 197 ms. ;   |c 18 cm. 
440 0 |a Siri kaunseling kecemerlangan 
650 0 0 |a Achievement motivation in adolescent 
650 0 0 |a Self-actualization (Psychology) in adolescene 
650 0 0 |a Teenagers   |x Counseling of 
700 1 |a Jaafar Man 
999 |a 0000019017   |b BOOK   |c Open Shelf   |e Default branch